000 00451nam a2200205Ia 4500
001 13613
003 GE_BSU
008 181216s||||||||xx |||||||||||||| ||und||
020 _a0747261318
040 _cGE_BSU
080 _a821.111-3
100 _aMansell,Jill.
245 _aMiranda's big mistake.
260 _aLondon.
260 _bHeadline book.
260 _c1999
300 _a506p;18cm.
653 _aMiranda's big mistake.
942 _cBK
999 _c46769
_d46769